Legal Aspects of Business/ (Record no. 192515)

MARC details
000 -LEADER
fixed length control field 00694nam a22002057a 4500
005 - DATE AND TIME OF LATEST TRANSACTION
control field 20220926122535.0
010 ## - LCCN (DPL NO)
LC control number B-745688
020 ## - INTERNATIONAL STANDARD BOOK NUMBER
International Standard Book Number 9780070656130
Terms of availability 999.00
037 ## - SOURCE OF ACQUISITION
Source of stock number/acquisition Tata McGraw-Hill Education PVT. LTD.
082 ## - DEWEY DECIMAL CLASSIFICATION NUMBER
Classification number 347.7
100 ## - MAIN ENTRY--PERSONAL NAME
Personal name Pathak, Akhileshwar
245 ## - TITLE STATEMENT
Title Legal Aspects of Business/
Statement of responsibility, etc Akhileshwar Pathak
250 ## - EDITION STATEMENT
Edition statement 3rd
260 ## - PUBLICATION, DISTRIBUTION, ETC. (IMPRINT)
Place of publication, distribution, etc New Delhi
Name of publisher, distributor, etc Tata McGraw-Hill Education PVT. LTD.
270 ## - ADDRESS
Address 7 West Patel Nagar,
City New Delhi
Postal code 110063
300 ## - PHYSICAL DESCRIPTION
Extent xxi,573p.
Other physical details ill.
Dimensions 24 cm (pb)
500 ## - GENERAL NOTE
General note Subject Index
942 ## - ADDED ENTRY ELEMENTS (KOHA)
Source of classification or shelving scheme Dewey Decimal Classification
Item type English Books
Classification part 347.7
Call number suffix PAT
Holdings
Withdrawn status Lost status Not for loan Collection code Home library Current library Date acquired Source of acquisition Cost, normal purchase price Full call number Barcode Copy number Cost, replacement price Koha item type Public note
      Non-fiction Kadipur Kadipur 26/09/2022 22.9.22/Gift 999.00 347.7 PAT B-745688 1 999.00 English Books Gift

© Delhi Public Library
Hit Counter
free hit counter